LEADER 01336nam0-2200409---450- 001 990000904130203316 005 20100630165836.0 010 $a88-324-9116-8 035 $a0090413 035 $aUSA010090413 035 $a(ALEPH)000090413USA01 035 $a0090413 100 $a20020125d1991----km-y0ITAy01------ba 101 $aita 102 $aIT 105 $a||||||||001yy 200 1 $a<> ammortamento per i soggetti a contabilità ordinaria, semplificata$easpetti civilistici, fiscali e contabili$eesemplificazioni$fMario Sirtoli 205 $a5. ed 210 $aMilano$cPirola$d1991 215 $a223 p.$d24 cm 225 $aPirola azienda 300 $aSegue: Appendice legislativa 410 1$1001CFI0093072$12001$aPirola azienda 606 0 $aAmmortamento 676 $a657.73 700 1$aSIRTOLI,$bMario$0105539 801 $aIT$bsalbc$gISBD 912 $a990000904130203316 951 $aXXX.B. Coll. 123/ 12 (COLL HNU 39)$b71872 EC$cXXX.B. Coll. 123/ 12 (COLL HNU)$d00272586 959 $aBK 969 $aECO 979 $aPATTY$b90$c20020125$lUSA01$h1617 979 $c20020403$lUSA01$h1734 979 $aPATRY$b90$c20040406$lUSA01$h1702 979 $aRSIAV4$b90$c20100630$lUSA01$h1658 996 $aAmmortamento per i soggetti a contabilità ordinaria, semplificata$9970432 997 $aUNISA LEADER 00949nam a2200253 i 4500 001 991003195399707536 005 20020503184644.0 008 000704s1962 sz ||| | fre 035 $ab10471005-39ule_inst 035 $aEXGIL116709$9ExL 040 $aBiblioteca Interfacoltà$bita 082 0 $a841 100 1 $aDroz, Eugenie$0387094 245 10$aJacques de Constans; L'ami d'Agrippa d'Aubigne :$bcontribution à l'etude de la poesie protestante /$cEugenie Droz 260 $aGeneve :$bDroz,$c1962 300 $a118 p. 490 0 $aTravaux d'Humanisme et Renaissance ;$v51 650 4$aPoesia francese 907 $a.b10471005$b21-02-17$c27-06-02 912 $a991003195399707536 945 $aLE002 Fr. I E 20$g1$i2002000945921$lle002$o-$pE0.00$q-$rl$s- $t0$u0$v0$w0$x0$y.i10544513$z27-06-02 996 $aJacques de Constans; L'ami d'Agrippa d'Aubigne$9222793 997 $aUNISALENTO 998 $ale002$b01-01-00$cm$da $e-$ffre$gsz $h0$i1